000
00335nam a2200121Ia 4500
008
190415s9999 xx 000 0 und d
082
_a
RS.0539
100
_a
Singh, Gulab Nath and others
245
0
_a
Study on cropping pattern and production performance of agriculture in district,
260
_c
1998
300
_a
33p.
942
_c
BK
999
_c
21789
_d
21789